Aves sin nido : (Record no. 106583)

MARC details
000 -CABECERA
campo de control de longitud fija 00814nam a2200217 a 4500
005 - FECHA Y HORA DE LA ÚLTIMA TRANSACCIÓN
campo de control 20210223125425.0
008 - ELEMENTOS DE LONGITUD FIJA--INFORMACIÓN GENERAL
campo de control de longitud fija 040827s1997 mx r 000 0 spa d
020 ## - NÚMERO INTERNACIONAL NORMALIZADO PARA LIBROS
Número Internacional Estándar del Libro 9686951318
035 ## - NÚMERO DE CONTROL DEL SISTEMA
Número de control de sistema UPN01000134432
049 ## - COLECCIÓN
Colección CG
050 #4 - SIGNATURA TOPOGRÁFICA DE LA BIBLIOTECA DEL CONGRESO
Número de clasificación HV875.58 M6.2
Número de documento/Ítem O2
100 1# - ASIENTO PRINCIPAL--NOMBRE PERSONAL
Nombre de persona Núñez Miranda, Concepción Silvia
245 10 - MENCIÓN DE TÍTULO
Título Aves sin nido :
Resto del título quince historias de vida : las madres de los niños y las niñas de la calle /
Mención de responsabilidad, etc. Concepción Núñez Miranda.
260 ## - PUBLICACIÓN, DISTRIBUCIÓN, ETC.
Lugar de publicación, distribución, etc. Oaxaca :
Nombre del editor, distribuidor, etc. Instituto Oaxaqueño de las Culturas :
-- Fondo Estatal para la Cultura y las Artes,
Fecha de publicación, distribución, etc. 1997.
300 ## - DESCRIPCIÓN FÍSICA
Extensión 317 p.
440 #0 - MENCIÓN DE SERIE/ASIENTO SECUNDARIO--TÍTULO
Título Dishá.
Nombre de parte o sección de la obra Antropología
650 #4 - ASIENTO SECUNDARIO DE MATERIA - TERMINO TEMATICO
Término de materia o nombre geográfico como elemento de entrada NIÑOS DE LA CALLE -
Subdivisión geográfica OAXACA
9 (RLIN) 17156
650 #4 - ASIENTO SECUNDARIO DE MATERIA - TERMINO TEMATICO
Término de materia o nombre geográfico como elemento de entrada MADRES DE NIÑOS DE LA CALLE -
Subdivisión geográfica OAXACA -
Subdivisión de forma ENTREVISTAS
9 (RLIN) 17155
650 #4 - ASIENTO SECUNDARIO DE MATERIA - TERMINO TEMATICO
Término de materia o nombre geográfico como elemento de entrada POBREZA -
Subdivisión geográfica OAXACA
9 (RLIN) 17157
905 ## - TIPO DE MATERIAL
Tipo de material Libro
Holdings
Estado de retiro Estado de pérdida Fuente del sistema de clasificación o colocación Estado dañado No para préstamo Código de colección Localización permanente Ubicación/localización actual Ubicación en estantería Fecha de adquisición Total de préstamos Clasificación Código de barras Fecha visto por última vez Fecha del último préstamo Número de copia Tipo de ítem Koha
    Library of Congress Classification     Colección General Bib. Gregorio Torres Quintero Bib. Gregorio Torres Quintero Planta baja 28/09/2022 3 HV875.58 M6.2 O2 199339 17/10/2022 28/09/2022 1 Libro